A Topical Approach to Life-Span Development (Record no. 594971)
[ view plain ]
| 000 -LEADER | |
|---|---|
| fixed length control field | 00377nam a22001337a 4500 |
| 020 ## - INTERNATIONAL STANDARD BOOK NUMBER | |
| International Standard Book Number | 9780072435993 |
| 040 ## - CATALOGING SOURCE | |
| Transcribing agency | NUST |
| 082 ## - DEWEY DECIMAL CLASSIFICATION NUMBER | |
| Classification number | 305.2 SAN |
| 100 ## - MAIN ENTRY--PERSONAL NAME | |
| Personal name | Santrock, John W. |
| 9 (RLIN) | 113214 |
| 245 ## - TITLE STATEMENT | |
| Title | A Topical Approach to Life-Span Development |
| 260 ## - PUBLICATION, DISTRIBUTION, ETC. | |
| Place of publication, distribution, etc. | Boston: |
| Name of publisher, distributor, etc. | McGraw-Hill, |
| Date of publication, distribution, etc. | 2002. |
| 650 ## - SUBJECT ADDED ENTRY--TOPICAL TERM | |
| Topical term or geographic name entry element | A Topical Approach to Life-Span Development |
| 9 (RLIN) | 113215 |
| 942 ## - ADDED ENTRY ELEMENTS (KOHA) | |
| Source of classification or shelving scheme | |
| Koha item type | Book |
| Withdrawn status | Lost status | Source of classification or shelving scheme | Damaged status | Not for loan | Permanent Location | Current Location | Shelving location | Date acquired | Total Checkouts | Full call number | Barcode | Date last seen | Price effective from | Koha item type |
|---|---|---|---|---|---|---|---|---|---|---|---|---|---|---|
| College of Electrical & Mechanical Engineering (CEME) | College of Electrical & Mechanical Engineering (CEME) | General Stacks | 06/22/2023 | 305.2 SAN | CEME-40012 | 06/22/2023 | 06/22/2023 | Book |
